| 000 | 00433nam a22001217a 4500 | ||
|---|---|---|---|
| 999 |
_c9763 _d9763 |
||
| 003 | OSt | ||
| 008 | 201203b ||||| |||| 00| 0 eng d | ||
| 245 | _aForeign Trade Review | ||
| 250 | _a2015(Feb Vol.50 No.1, May Vol.50 No.2, Nov Vol.50 No.4, Aug Vol.50 No.3) 2016(Feb Vol.51 No.1, May Vol.51 No.2, Aug Vol.51 No.3, Nov Vol.51 No.4) | ||
| 260 |
_aNew Delhi _bIndian Institute of Foreign Trade |
||
| 650 | _aManagement | ||
| 942 |
_2ddc _cBV |
||